[Event "Ceske Budejovice op-B"]
[Site "Ceske Budejovice"]
[Date "2023.07.05"]
[Round "5"]
[White "Mountassir, Karim"]
[Black "Navratilova, Alena"]
[Result "1/2-1/2"]
[WhiteElo "1239"]
[BlackElo "1617"]
[PlyCount "49"]
[EventDate "2023.07.01"]
[EventType "swiss"]
[EventRounds "9"]
[EventCountry "CZE"]
[SourceTitle "EXT 2024"]
[Source "ChessBase"]
[SourceDate "2023.10.10"]
[SourceVersion "1"]
[SourceVersionDate "2023.10.10"]
[SourceQuality "1"]

1. e4 e6 2. Nc3 d5 3. exd5 exd5 4. d4 h6 5. a3 c6 6. Bd3 Bd6 7. Nge2 Nf6 8. Bf4 0-0 9. Qd2 Bxf4 10. Nxf4 Re8+ 11. Nfe2 Bg4 12. h3 Bxe2 13. Nxe2 Ne4 14. Bxe4 Rxe4 15. 0-0-0 Nd7 16. Ng3 Re6 17. Rhe1 Nf8 18. Re3 Qd7 19. Rde1 Rae8 20. R1e2 Rxe3 21. Rxe3 Rxe3 22. Qxe3 Qe6 23. Qxe6 Nxe6 24. Nf5 g6 25. Nd6 1/2-1/2

[Event "Ceske Budejovice op-B"]
[Site "Ceske Budejovice"]
[Date "2023.07.04"]
[Round "4"]
[White "Pesek, Petr1111"]
[Black "Mountassir, Karim"]
[Result "0-1"]
[WhiteElo "1398"]
[BlackElo "1239"]
[PlyCount "154"]
[EventDate "2023.07.01"]
[EventType "swiss"]
[EventRounds "9"]
[EventCountry "CZE"]
[SourceTitle "EXT 2024"]
[Source "ChessBase"]
[SourceDate "2023.10.10"]
[SourceVersion "1"]
[SourceVersionDate "2023.10.10"]
[SourceQuality "1"]

1. e4 e5 2. Nf3 Nc6 3. Bc4 d6 4. d4 Bg4 5. h3 Bxf3 6. Qxf3 Qf6 7. Qxf6 Nxf6 8. d5 Nb4 9. Bd3 Nxd3+ 10. cxd3 Nd7 11. Nc3 Nc5 12. 0-0 Nxd3 13. Rd1 Nc5 14. Be3 a6 15. b4 Nd7 16. Rac1 0-0-0 17. a4 b6 18. Rc2 Kb7 19. Rdc1 Rc8 20. f3 h5 21. f4 g6 22. Rf1 Bh6 23. Bd2 exf4 24. Bxf4 Bxf4 25. Rxf4 Ne5 26. Rd2 Rhf8 27. Rd4 g5 28. Rf5 f6 29. g3 Rf7 30. Kf2 Rh8 31. Ke3 h4 32. g4 Rh6 33. Ne2 c5 34. dxc6+ Nxc6 35. Rc4 Ne5 36. Rd4 Rh8 37. Nc3 Rhf8 38. Kd2 Kc6 39. Ke3 b5 40. a5 Nc4+ 41. Kd3 Nb2+ 42. Kc2 Nc4 43. Kd3 Re8 44. Ke2 Re5 45. Kd3 Rxf5 46. exf5 Ne5+ 47. Kc2 Nf3 48. Re4 Ne5 49. Rd4 Rf8 50. Ne4 d5 51. Nf2 Re8 52. Kc3 Nf3 53. Rd3 Ne1 54. Rd1 Ng2 55. Rd3 Re3 56. Rxe3 Nxe3 57. Kd4 Ng2 58. Nd3 Nf4 59. Nf2 Kd6 60. Ke3 Ke5 61. Nd3+ Nxd3 62. Kxd3 Kf4 63. Kd4 Kg3 64. Kxd5 Kxh3 65. Ke6 Kxg4 66. Kxf6 h3 67. Kg6 h2 68. f6 h1Q 69. f7 Qh5+ 70. Kg7 Qxf7+ 71. Kxf7 Kf5 72. Ke7 g4 73. Kd7 g3 74. Kc6 g2 75. Kb6 g1Q+ 76. Kxa6 Qf1 77. Kb6 Qc4 0-1